Derecho tributario y financiero (Registro nro. 3170)
[ vista simple ]
| 000 -Cabecera | |
|---|---|
| Campo de control de longitud fija | 00683aam a2200253 4500 |
| 005 - Fecha y hora de la última transacción | |
| Campo de control | 20231106123525.0 |
| 008 - Elementos de longitud fija--Información general | |
| Campo de control de longitud fija | 150629b2013 xxu||||| |||| 00| 0 spa d |
| 020 ## - International Standard Book Number | |
| Número Internacional Estándar del Libro (ISBN) | 9789977311968 |
| 041 ## - Idioma | |
| Código de idioma | Español |
| 082 ## - Clasificación Decimal Dewey | |
| Número de clasificación | 343.03 V714d |
| 100 ## - Entrada principal--Autor personal | |
| Nombre personal | Villalobos Quirós, Enrique |
| 9 (RLIN) | 7666 |
| 245 ## - Título propiamente dicho | |
| Título | Derecho tributario y financiero |
| 260 ## - Pie de imprenta | |
| Lugar de publicación, distribución, etc. | Costa Rica |
| 260 ## - Pie de imprenta | |
| Nombre del editor, distribuidor, etc. | Editorial Juricentro |
| 260 ## - Pie de imprenta | |
| Fecha de publicación, distribución, etc. | 2013 |
| 300 ## - Descripción física | |
| Extensión | 360 páginas |
| 650 ## - Materia general | |
| Temática (materia general) | DERECHO TRIBUTARIO |
| 650 ## - Materia general | |
| Temática (materia general) | CÓDIGO TRIBUTARIO |
| 650 ## - Materia general | |
| Temática (materia general) | DERECHO FINACIERO |
| 650 ## - Materia general | |
| Temática (materia general) | PRESUPUESTO |
| 650 ## - Materia general | |
| Temática (materia general) | GASTO PÚBLICO |
| 650 ## - Materia general | |
| Temática (materia general) | CONTRATACIÓN ADMINISTRATIVA |
| 942 ## - Punto de acceso adicional KOHA | |
| Tipo de ítem KOHA | Libro |
| Fuente del sistema de clasificación o colocación | Dewey Decimal Classification |
| Signatura completa | Código de barras | Tipo de ítem |
|---|---|---|
| 343.03 V714d | 18245 | Libro |
| 343.03 V714d | 18246 | Libro |
| 343.03 V714d | 18247 | Libro |
| 343.03 V714d | 18248 | Libro |
| 343.03 V714d | 18249 | Libro |
| 343.03 V714d | 18250 | Libro |